Medzi hrdinami a démonmi 25 ľudí zo 6 krajín skúma pocity a tienisté témy v komunitnom výskumnom projekte

Bibliographic Details
Other Authors: Weule, Helga (Editor), Weule, Manfred (Editor), Kubiš, Tomáš (Translator)
Format: Book
Language:Slovak
English
PhysicalDescription:124 strán fotografie, grafy 20 cm
Published: [Bratislava] Divadlo bez domova 2019
ISBN:9788099931023
Subjects:

MARC

LEADER 00000cam a2200000 4500
001 vtls011913814
003 SK-MaSNL
005 20260301225254.0
008 220509s2019 xo od grn 000 0 slo
015 |a SNBA2020/10 
020 |a 9788099931023  |q (brožované) 
035 |a urn:nbn:sk:snk-am00gket 
035 |a urn:nbn:sk:snk-am3j5yd 
035 |a A77DAC15-2EAA-4287-B7CF-754A8D6E225D 
040 |a SNK  |b slo  |c SNK  |e rda 
041 1 |a slo  |h eng 
044 |a xo  |c SK 
072 7 |a 159.92  |x Vývinová psychológia. Psychológia osobnosti  |2 konspekt 
080 |a 159.942  |2 2011 
080 |a 159.923.5  |2 2011 
080 |a 616.89‑008.444.9  |2 2011 
080 |a (035)  |2 2011 
245 0 0 |a Medzi hrdinami a démonmi  |b 25 ľudí zo 6 krajín skúma pocity a tienisté témy v komunitnom výskumnom projekte  |c editori: Helga Weule & Manfred Weule ; preklad pôvodnej anglickej verzie knihy Among heroes and demons do slovenčiny a jazyková úprava: Tomáš Kubiš 
264 1 |a [Bratislava]  |b Divadlo bez domova  |c 2019 
300 |a 124 strán  |b fotografie, grafy  |c 20 cm 
336 |a text  |b txt  |2 rdacontent 
337 |a bez média  |b n  |2 rdamedia 
338 |a zväzok  |b nc  |2 rdacarrier 
500 |a Miesto vydania podľa NA ISBN 
500 |a Obsahuje poznámky pod čiarou 
500 |a Obsahuje biografické údaje 
504 |a Obsahuje bibliografiu na strane 119-123 ; bibliografické odkazy 
650 0 7 |a emócie  |2 SNKPH  |9 4049 
650 0 7 |a sebavýchova  |2 SNKPH  |9 4290 
650 0 7 |a agresivita  |2 SNKPH  |9 14196 
650 0 7 |a Emotions  |2 SNKPHeng  |9 302873 
650 0 7 |a Self-culture  |2 SNKPHeng  |9 317679 
650 0 7 |a Aggressiveness  |2 SNKPHeng  |9 306217 
655 7 |a príručky  |2 SNKPH  |9 74364 
655 7 |a Handbooks, manuals, etc.  |2 SNKPHeng  |9 90964 
700 1 |a Weule, Helga  |4 edt  |9 503946 
700 1 |a Weule, Manfred  |4 edt  |9 503947 
700 1 |a Kubiš, Tomáš  |4 trl  |9 618616 
919 |a 978-80-99931-02-3 
958 |a OP 
958 |a NB 
968 |b ENG 
999 |c 950294  |d 952224 
952 |a SNK  |b SNK  |y PREZ  |7 0  |p 17A1414622  |o snkSD 88889  |i snk2020/1844  |8 0  |0 0  |1 0  |4 0  |d 2020-01-28  |f 1  |l 0  |r 2026-02-24 09:46:22  |w 2026-02-24 
952 |a SNK  |b SNK  |y VYP  |7 0  |p 17A1414621  |o snkSD 88889 D1  |i snk2020/1845  |8 0  |0 0  |1 0  |4 0  |d 2020-01-28  |l 0  |r 2026-02-24 09:46:22  |w 2026-02-24